Influenza : the hundred-year hunt to cure the ... Read More
Available copies
- 1 of 2 copies available at LARL/NWRL Consortium.
- 1 of 2 copies available at Lake Agassiz Regional Library. (Show preferred library)
Current holds
0 current holds with 2 total copies.
View other formats and editions
Show Only Available Copies
| Location | Call Number / Copy Notes | Barcode | Shelving Location | Status | Due Date |
|---|---|---|---|---|---|
| Barnesville Public Library | LARGE PRINT 614.518 BRO (Text) | 33500013128079 | Main | Checked out | 07/24/2026 |
| Detroit Lakes Public Library | LARGE PRINT 614.518 BRO (Text) | 33500013128061 | Main | Available | - |
Record details
- ISBN: 9781432865009
- ISBN: 1432865005
- Physical Description: 425 pages (large print) ; 23 cm.
- Edition: Large print edition.
- Publisher: Waterville, Maine : Thorndike Press, a part of Gale, a Cengage Company, 2019.
- Copyright: ©2018
Content descriptions
| Summary, etc.: | "On the 100th anniversary of the pandemic of 1918, ... Read More |
Search for related items by subject
| Subject: | Influenza > United States > Prevention. Influenza > United States > History. Influenza Epidemic, 1918-1919. Influenza. Influenza > Prevention. Large type books. United States. |
| Genre: | History. Large type books. |
| LDR | 02233cam a22004698i 4500 | ||
|---|---|---|---|
| 001 | 329475 | ||
| 003 | LARL_NWRL_CONSORTIUM | ||
| 005 | 20190916201916.0 | ||
| 008 | 190131t20192018meu d 000 0 eng | ||
| 010 | . | ‡a 2019002875 | |
| 040 | . | ‡aDLC ‡beng ‡erda ‡cDLC ‡dOCLCF ‡dOCLCO ‡dBKL ‡dHHO ‡dOMN ‡dIHX | |
| 020 | . | ‡a9781432865009 ‡q(hardcover : alk. paper) ‡q(large print) ‡c$32.99 | |
| 020 | . | ‡a1432865005 ‡q(hardcover : alk. paper) ‡q(large print) | |
| 035 | . | ‡a(OCoLC)1084640520 | |
| 042 | . | ‡apcc | |
| 043 | . | ‡an-us--- | |
| 082 | 0 | 0. | ‡a614.5/18 ‡223 |
| 100 | 1 | . | ‡aBrown, Jeremy, ‡d1964- ‡eauthor. |
| 245 | 1 | 0. | ‡aInfluenza : ‡bthe hundred-year hunt to cure the deadliest disease in history / ‡cJeremy Brown, MD, MHS. |
| 250 | . | ‡aLarge print edition. | |
| 264 | 1. | ‡aWaterville, Maine : ‡bThorndike Press, a part of Gale, a Cengage Company, ‡c2019. | |
| 264 | 4. | ‡c©2018 | |
| 300 | . | ‡a425 pages (large print) ; ‡c23 cm. | |
| 336 | . | ‡atext ‡btxt ‡2rdacontent | |
| 337 | . | ‡aunmediated ‡bn ‡2rdamedia | |
| 338 | . | ‡avolume ‡bnc ‡2rdacarrier | |
| 340 | . | ‡nlarge print (16 point) ‡2rdafs | |
| 520 | . | ‡a"On the 100th anniversary of the pandemic of 1918, Jeremy Brown, veteran ER doctor and Director of Emergency Care Research at the National Institutes of Health, explores the troubling and complex history of the flu virus. He breaks down the current dialogue about the disease, explaining the controversy over vaccinations, antriviral drugs, and the federal government's role in preparing for pandemic outbreaks"--adapted from back cover. | |
| 650 | 0. | ‡aInfluenza ‡zUnited States ‡xPrevention. | |
| 650 | 0. | ‡aInfluenza ‡zUnited States ‡xHistory. | |
| 650 | 0. | ‡aInfluenza Epidemic, 1918-1919. ‡0(LARL_NWRL_CONSORTIUM)161983 | |
| 650 | 7. | ‡aInfluenza. ‡2fast ‡0(LARL_NWRL_CONSORTIUM)23154 | |
| 650 | 7. | ‡aInfluenza ‡xPrevention. ‡2fast | |
| 650 | 7. | ‡aLarge type books. ‡2fast ‡0(LARL_NWRL_CONSORTIUM)24284 | |
| 651 | 7. | ‡aUnited States. ‡2fast ‡0(LARL_NWRL_CONSORTIUM)178480 | |
| 655 | 7. | ‡aHistory. ‡2fast | |
| 655 | 0. | ‡aLarge type books. | |
| 901 | . | ‡a329475 ‡b ‡c329475 ‡tbiblio | |

Add to basket
Permalink
Enable Highlighting